Kraje obu Ameryk - Statystyki

Ogólne statystyki
  • Ten quiz został rozwiązany 32 razy
  • Średni wynik to 28 z 35
Statystyki odpowiedzi
Odpowiedź Hint % Poprawnych
Kanada Ottawa
96%
Kolumbia Bogota
96%
Stany Zjednoczone Waszyngton
96%
Argentyna Buenos Aires
92%
Brazylia Brasília
92%
Kuba Hawana
92%
Meksyk Meksyk
92%
Panama Panama
92%
Paragwaj Asunción
92%
Peru Lima
92%
Chile Santiago
88%
Dominika Roseau
88%
Dominikana Santo Domingo
88%
Haiti Port-au-Prince
88%
Urugwaj Montevideo
88%
Wenezuela Caracas
88%
Ekwador Quito
83%
Gwatemala Gwatemala
83%
Jamajka Kingston
83%
Salwador San Salvador
83%
Boliwia Sucre/La Paz
79%
Honduras Tegucigalpa
79%
Kostaryka San José
79%
Surinam Paramaribo
79%
Belize Belmopan
75%
Bahamy Nassau
71%
Gujana Georgetown
71%
Nikaragua Managua
71%
Trynidad i Tobago Port-of-Spain
71%
Barbados Bridgetown
58%
Antigua i Barbuda Saint John’s
54%
Saint Lucia Castries
54%
Grenada Saint George’s
46%
Saint Kitts i Nevis Basseterre
42%
Saint Vincent i Grenadyny Kingstown
42%
Nie znaleziono quizów pasujących do podanych kryteriów
Rozkład punktacji
Procent ludzi z każdym wynikiem
Percentyl według liczby udzielonych odpowiedzi
Twoja historia wyników
Nie rozwiązałeś tego quizu